Loading...
| Science - Physics | 0 | 5 | 4 | 0 | 30 | 56 | 99.20 | 1 | 1 | 8.01 | 14.53 |
| Philosophy | 0 | 2 | 0 | 1 | 20 | 112 | 122.00 | 0 | 0 | 0.61 | 2.77 |
| Geography | 0 | 1 | 0 | 0 | 10 | 51 | 51.00 | 0 | 0 | 7.67 | 8.85 |
| Fine Arts - Other | 0 | 1 | 0 | 0 | 10 | 91 | 91.00 | 0 | 0 | 2.29 | 4.66 |
| Literature - British | 0 | 1 | 0 | 0 | 10 | 98 | 98.00 | 0 | 0 | 1.79 | 2.94 |
| Science - Biology | 0 | 1 | 0 | 0 | 10 | 135 | 135.00 | 0 | 0 | -0.04 | 0.84 |
| Religion | 0 | 1 | 0 | 0 | 10 | 102 | 102.00 | 0 | 1 | 1.96 | 5.15 |
| Science - Other | 0 | 1 | 0 | 0 | 10 | 115 | 115.00 | 0 | 0 | 0.76 | 3.43 |
| Current Events | 0 | 1 | 1 | 0 | 5 | 109 | 109.00 | 0 | 0 | 1.65 | 2.42 |
| Fine Arts - Classical Music | 0 | 1 | 1 | 0 | 5 | 110 | 110.00 | 0 | 0 | 1.16 | 2.70 |
| History - Other | 0 | 1 | 1 | 0 | 5 | 101 | 101.00 | 0 | 0 | 1.17 | 3.58 |
| Social Science | 0 | 0 | 0 | 0 | 0 | 0.00 | 0 | 0 | 0.00 | 0.00 | |
| Science - Chemistry | 0 | 0 | 2 | 0 | -10 | 0.00 | 0 | 0 | 0.00 | 0.00 |